[Event "POL-chT 1st League"]
[Site "Leba"]
[Date "2023.09.27"]
[Round "5.1"]
[White "Cyborowski, Lukasz"]
[Black "Skawinski, Arkadiusz"]
[Result "1/2-1/2"]
[WhiteElo "2479"]
[BlackElo "2343"]
[PlyCount "21"]
[EventDate "2023.09.23"]
[EventType "team-swiss"]
[EventRounds "9"]
[EventCountry "POL"]
[SourceTitle "EXT 2024"]
[Source "ChessBase"]
[SourceDate "2023.10.10"]
[SourceVersion "1"]
[SourceVersionDate "2023.10.10"]
[SourceQuality "1"]
[WhiteTeam "Wrzos Miedzyborow"]
[BlackTeam "Wisznia Mala Bialy Krol"]
[WhiteTeamCountry "POL"]
[BlackTeamCountry "POL"]

1. e4 e6 2. d4 d5 3. Nc3 Nf6 4. e5 Nfd7 5. f4 c5 6. Nf3 Nc6 7. Be3 Be7 8. Qd2 0-0 9. Be2 b6 10. 0-0 f5 11. dxc5 1/2-1/2

[Event "Bundesliga 2223"]
[Site "Germany"]
[Date "2023.04.02"]
[Round "13.3"]
[White "Lampert, Jonas"]
[Black "Cyborowski, Lukasz"]
[Result "1/2-1/2"]
[WhiteElo "2537"]
[BlackElo "2490"]
[PlyCount "170"]
[EventDate "2022.10.21"]
[EventType "team-tourn"]
[EventRounds "15"]
[EventCountry "GER"]
[SourceTitle "CBM 213 Extra"]
[Source "ChessBase"]
[SourceDate "2023.05.31"]
[SourceVersion "1"]
[SourceVersionDate "2023.05.31"]
[SourceQuality "1"]
[WhiteTeam "Hamburger SK"]
[BlackTeam "Remagen Sinzig"]
[WhiteTeamCountry "GER"]
[BlackTeamCountry "GER"]

1. d4 d5 2. c4 e6 3. Nf3 Nf6 4. g3 Bb4+ 5. Bd2 Be7 6. Bg2 0-0 7. 0-0 c6 8. Qc2 Nbd7 9. Bf4 a5 10. Rd1 h6 11. Ne5 Nh5 12. Bc1 Nhf6 13. Bf4 Nh5 14. Bc1 Nhf6 15. Nxd7 Bxd7 16. Nd2 c5 17. cxd5 exd5 18. dxc5 Rc8 19. Qd3 Qe8 20. Nb3 a4 21. Nd4 Bxc5 22. Bf4 Qe7 23. Rac1 Rfe8 24. Bf3 Ne4 25. Be3 Nf6 26. Nf5 Bxf5 27. Qxf5 Rc6 28. Bxc5 Rxc5 29. e3 Rxc1 30. Rxc1 Qb4 31. Qc2 a3 32. bxa3 Qxa3 33. Rd1 Qa5 34. Qb3 Ra8 35. Bxd5 Nxd5 36. Rxd5 Qxa2 37. Qxb7 g6 38. Kg2 Re8 39. Re5 Rxe5 40. Qb8+ Kh7 41. Qxe5 Qc4 42. e4 Kg8 43. Qf4 Kg7 44. h4 h5 45. Qe5+ Kg8 46. Qf4 Kg7 47. Qf3 Qd4 48. Kh3 Qd7+ 49. g4 hxg4+ 50. Qxg4 Qd4 51. Kg3 Qc3+ 52. Qf3 Qa1 53. Kg2 Qe5 54. Qe3 Kg8 55. f4 Qb2+ 56. Kh3 Qb1 57. Qf3 Kg7 58. f5 gxf5 59. Qxf5 f6 60. Qg4+ Kh6 61. Qf4+ Kg7 62. Qg4+ Kh6 63. Qf3 Kg7 64. h5 Kh6 65. Qxf6+ Kxh5 66. Qf7+ Kh6 67. Qf6+ Kh5 68. Qf5+ Kh6 69. Kg4 Qg1+ 70. Kf4 Qh2+ 71. Ke3 Kg7 72. Kd4 Qb2+ 73. Kd5 Qb5+ 74. Ke6 Qb6+ 75. Kd7 Qb7+ 76. Kd8 Qb8+ 77. Ke7 Qb4+ 78. Kd7 Qb7+ 79. Kd6 Qb6+ 80. Ke7 Qb4+ 81. Kd8 Qb8+ 82. Qc8 Qxc8+ 83. Kxc8 Kf6 84. Kd7 Ke5 85. Ke7 Kxe4 1/2-1/2

[Event "Bundesliga 2223"]
[Site "Germany"]
[Date "2023.04.01"]
[Round "12.3"]
[White "Gumularz, Szymon"]
[Black "Cyborowski, Lukasz"]
[Result "1-0"]
[WhiteElo "2546"]
[BlackElo "2490"]
[PlyCount "79"]
[EventDate "2022.10.21"]
[EventType "team-tourn"]
[EventRounds "15"]
[EventCountry "GER"]
[SourceTitle "CBM 213 Extra"]
[Source "ChessBase"]
[SourceDate "2023.05.31"]
[SourceVersion "1"]
[SourceVersionDate "2023.05.31"]
[SourceQuality "1"]
[WhiteTeam "Kiel Turm"]
[BlackTeam "Remagen Sinzig"]
[WhiteTeamCountry "GER"]
[BlackTeamCountry "GER"]

1. e4 c5 2. Nf3 e6 3. d4 cxd4 4. Nxd4 a6 5. Bd3 Qc7 6. Qe2 d6 7. 0-0 Nf6 8. c4 Nbd7 9. f4 g6 10. f5 Bg7 11. fxe6 Ne5 12. exf7+ Nxf7 13. Kh1 0-0 14. Nc3 Ng4 15. Nd5 Qd8 16. Nf3 Be6 17. Bf4 Bxd5 18. exd5 Nfe5 19. Nxe5 Nxe5 20. c5 Nxd3 21. Qxd3 dxc5 22. d6 Qd7 23. Bg5 Rxf1+ 24. Rxf1 Rf8 25. Qd5+ Kh8 26. Rxf8+ Bxf8 27. Bf6+ Bg7 28. Be7 Bxb2 29. Qb3 Bg7 30. Qh3 Qxh3 31. gxh3 Be5 32. d7 Bc7 33. d8Q+ Bxd8 34. Bxd8 b5 35. Kg2 Kg7 36. Kf3 Kf7 37. Bb6 c4 38. Ba5 Ke6 39. Ke4 Kd6 40. Kd4 1-0

[Event "Bundesliga 2223"]
[Site "Germany"]
[Date "2023.02.26"]
[Round "9.7"]
[White "Cyborowski, Lukasz"]
[Black "Seyb, Alexander"]
[Result "1-0"]
[WhiteElo "2490"]
[BlackElo "2441"]
[PlyCount "51"]
[EventDate "2022.10.21"]
[EventType "team-tourn"]
[EventRounds "15"]
[EventCountry "GER"]
[SourceTitle "CBM 213 Extra"]
[Source "ChessBase"]
[SourceDate "2023.05.31"]
[SourceVersion "1"]
[SourceVersionDate "2023.05.31"]
[SourceQuality "1"]
[WhiteTeam "Remagen Sinzig"]
[BlackTeam "Berlin SF"]
[WhiteTeamCountry "GER"]
[BlackTeamCountry "GER"]

1. Nf3 g6 2. e4 d6 3. d4 Nf6 4. Nc3 Bg7 5. Be3 c6 6. Qd2 b5 7. Bd3 0-0 8. h3 Nbd7 9. Ne2 e5 10. dxe5 Nxe5 11. Nxe5 dxe5 12. a4 a6 13. 0-0 Be6 14. Qc3 Qc8 15. axb5 axb5 16. Rxa8 Qxa8 17. b3 Rc8 18. Qxe5 c5 19. Bxb5 Nxe4 20. Qf4 g5 21. Qf3 f5 22. Bd3 Rf8 23. Bxe4 fxe4 24. Qg3 Qa6 25. c4 Qb6 26. Bxg5 1-0

[Event "Bundesliga 2223"]
[Site "Germany"]
[Date "2022.11.26"]
[Round "3.6"]
[White "Bogner, Sebastian"]
[Black "Cyborowski, Lukasz"]
[Result "1/2-1/2"]
[WhiteElo "2548"]
[BlackElo "2490"]
[PlyCount "88"]
[EventDate "2022.10.21"]
[EventType "team-tourn"]
[EventRounds "15"]
[EventCountry "GER"]
[SourceTitle "CBM 211"]
[Source "ChessBase"]
[SourceDate "2022.12.31"]
[SourceVersion "1"]
[SourceVersionDate "2022.12.31"]
[SourceQuality "1"]
[WhiteTeam "Bayern Muenchen"]
[BlackTeam "Remagen Sinzig"]
[WhiteTeamCountry "GER"]
[BlackTeamCountry "GER"]

1. e4 e5 2. Nf3 Nf6 3. Nxe5 d6 4. Nf3 Nxe4 5. d4 d5 6. Bd3 Be7 7. 0-0 Nd6 8. Re1 0-0 9. Bf4 Re8 10. Nbd2 Nd7 11. Nf1 Nf8 12. h3 c6 13. c3 Be6 14. Qc2 Qd7 15. Ne5 Qc8 16. Ng3 f6 17. Ng4 Qd7 18. Re2 Bxg4 19. hxg4 g6 20. Rae1 Bd8 21. Rxe8 Nxe8 22. Qb3 b5 23. a4 a6 24. Qa3 Ne6 25. Bh6 Be7 26. Qa2 N8c7 27. axb5 axb5 28. Qb1 Bf8 29. Bd2 Bd6 30. Ne2 Re8 31. Qc1 Ng7 32. g5 fxg5 33. Bxg5 Nce6 34. Bd2 Qf7 35. Rf1 Nf5 36. g3 Nfg7 37. Kg2 Rf8 38. Ng1 Nh5 39. Be2 Qf5 40. Qd1 Nhf4+ 41. Kh1 Nxe2 42. Qxe2 Ng7 43. Kg2 Re8 44. Qd1 Qe4+ 1/2-1/2

[Event "Trzcianka Dziedzic Memorial 12th"]
[Site "Trzcianka"]
[Date "2022.11.13"]
[Round "5"]
[White "Cyborowski, Lukasz"]
[Black "Piesik, Piotr"]
[Result "1/2-1/2"]
[WhiteElo "2495"]
[BlackElo "2416"]
[PlyCount "125"]
[EventDate "2022.11.13"]
[EventType "swiss (rapid)"]
[EventRounds "9"]
[EventCountry "POL"]
[SourceTitle "CBM 211 Extra"]
[Source "ChessBase"]
[SourceDate "2023.01.31"]
[SourceVersion "1"]
[SourceVersionDate "2023.01.31"]
[SourceQuality "1"]

1. c4 c6 2. e4 d5 3. exd5 cxd5 4. cxd5 Nf6 5. Nc3 Nxd5 6. Nf3 Nxc3 7. bxc3 g6 8. Bb5+ Bd7 9. a4 Bg7 10. 0-0 0-0 11. Re1 a6 12. Bf1 Nc6 13. Rb1 Qc7 14. d4 Bf5 15. Rb2 Na5 16. Bd2 Be6 17. Ne5 Rac8 18. h4 Rfd8 19. h5 Rd5 20. hxg6 hxg6 21. Nxg6 Qd7 22. Nf4 Bg4 23. f3 Rxd4 24. cxd4 Qxd4+ 25. Be3 Qxb2 26. fxg4 Nc6 27. Nh5 Bc3 28. Re2 Qb4 29. Rf2 Ne5 30. Be2 Qe4 31. Qc1 Nxg4 32. Bxg4 Qxg4 33. Nf4 Bd4 34. Qd2 Be5 35. Rf3 Rc6 36. Qd8+ Kg7 37. Qxe7 Bf6 38. Qe4 Rd6 39. Rf1 b5 40. axb5 axb5 41. Bc5 Rd2 42. Be3 Re2 43. Qf3 Qxf3 44. Rxf3 Rxe3 45. Rxe3 Bd4 46. Kf2 Kf6 47. Kf3 Bxe3 48. Kxe3 Kf5 49. Kf3 b4 50. Ne2 Ke5 51. Ke3 Kd5 52. Kd3 b3 53. Nc3+ Ke5 54. Ke3 b2 55. Nb1 Kf5 56. Nd2 Kg4 57. Kf2 Kf4 58. Nb1 Ke4 59. Na3 Kd3 60. g4 Ke4 61. Kg3 f6 62. Nc4 b1N 63. Nd6+ 1/2-1/2

[Event "Trzcianka Dziedzic Memorial 12th"]
[Site "Trzcianka"]
[Date "2022.11.13"]
[Round "7"]
[White "Cyborowski, Lukasz"]
[Black "Teclaf, Pawel"]
[Result "1/2-1/2"]
[WhiteElo "2495"]
[BlackElo "2547"]
[PlyCount "29"]
[EventDate "2022.11.13"]
[EventType "swiss (rapid)"]
[EventRounds "9"]
[EventCountry "POL"]
[SourceTitle "CBM 211 Extra"]
[Source "ChessBase"]
[SourceDate "2023.01.31"]
[SourceVersion "1"]
[SourceVersionDate "2023.01.31"]
[SourceQuality "1"]

1. d4 e6 2. c4 b6 3. Nf3 Bb7 4. g3 Nf6 5. Bg2 Be7 6. 0-0 0-0 7. Nc3 Ne4 8. Nxe4 Bxe4 9. Ne1 Bxg2 10. Nxg2 d5 11. cxd5 Qxd5 12. Be3 Nd7 13. Qc2 Rac8 14. Rfd1 Qb7 15. Rac1 1/2-1/2

[Event "POL-chT 1st League"]
[Site "Sypniewo"]
[Date "2022.09.08"]
[Round "6.4"]
[White "Molenda, Marcin"]
[Black "Cyborowski, Lukasz"]
[Result "1/2-1/2"]
[WhiteElo "2374"]
[BlackElo "2479"]
[PlyCount "39"]
[EventDate "2022.09.03"]
[EventType "team-swiss"]
[EventRounds "9"]
[EventCountry "POL"]
[SourceTitle "CBM 210 Extra"]
[Source "ChessBase"]
[SourceDate "2022.11.30"]
[SourceVersion "1"]
[SourceVersionDate "2022.11.30"]
[SourceQuality "1"]
[WhiteTeam "Jastrzebie Zdroj Pionier"]
[BlackTeam "Wrzos Miedzyborow"]
[WhiteTeamCountry "POL"]
[BlackTeamCountry "POL"]

1. d4 d5 2. c4 e6 3. Nf3 Nf6 4. g3 Be7 5. Bg2 0-0 6. Nc3 dxc4 7. Ne5 c5 8. dxc5 Qc7 9. Nxc4 Qxc5 10. Qb3 Nc6 11. Qb5 Bd7 12. 0-0 Rfd8 13. Bf4 Qxb5 14. Nxb5 e5 15. Bg5 Be6 16. Rac1 Rac8 17. e3 h6 18. Bxf6 gxf6 19. a4 Kf8 20. b3 1/2-1/2

[Event "Wroclaw Anderssen Memorial"]
[Site "Wroclaw"]
[Date "2022.07.30"]
[Round "6"]
[White "Cyborowski, Lukasz"]
[Black "Golubka, Petr"]
[Result "1/2-1/2"]
[WhiteElo "2483"]
[BlackElo "2378"]
[PlyCount "38"]
[EventDate "2022.07.30"]
[EventType "swiss (rapid)"]
[EventRounds "9"]
[EventCountry "POL"]
[SourceTitle "CBM 209 Extra"]
[Source "ChessBase"]
[SourceDate "2022.09.30"]
[SourceVersion "1"]
[SourceVersionDate "2022.09.30"]
[SourceQuality "1"]

1. d4 Nf6 2. c4 c6 3. Nf3 d5 4. Nbd2 e6 5. e3 c5 6. dxc5 Bxc5 7. a3 a5 8. cxd5 exd5 9. Bb5+ Nc6 10. Nb3 Bd6 11. Nbd4 0-0 12. 0-0 Bg4 13. Be2 Ne4 14. Bd2 Nxd4 15. Nxd4 Qh4 16. g3 Nxg3 17. fxg3 Bxg3 18. hxg3 Qxg3+ 19. Kh1 Qh3+ 1/2-1/2

[Event "Wroclaw Anderssen Memorial"]
[Site "Wroclaw"]
[Date "2022.07.30"]
[Round "3"]
[White "Sernecki, Franciszek"]
[Black "Cyborowski, Lukasz"]
[Result "0-1"]
[WhiteElo "2261"]
[BlackElo "2483"]
[PlyCount "66"]
[EventDate "2022.07.30"]
[EventType "swiss (rapid)"]
[EventRounds "9"]
[EventCountry "POL"]
[SourceTitle "CBM 209 Extra"]
[Source "ChessBase"]
[SourceDate "2022.09.30"]
[SourceVersion "1"]
[SourceVersionDate "2022.09.30"]
[SourceQuality "1"]

1. d4 Nf6 2. c4 e6 3. Nf3 d5 4. Nc3 Be7 5. Bf4 0-0 6. Rc1 a6 7. cxd5 exd5 8. e3 c6 9. Bd3 Bg4 10. Qb3 Bxf3 11. gxf3 b5 12. 0-0 Bd6 13. Bg3 Bxg3 14. hxg3 Qd6 15. Ne2 Nbd7 16. e4 dxe4 17. fxe4 Ng4 18. f3 Ne3 19. Rf2 Rad8 20. Bb1 Nc4 21. e5 Qe6 22. Nf4 Qe7 23. Rxc4 bxc4 24. Qxc4 g6 25. a3 c5 26. Ba2 cxd4 27. e6 Ne5 28. exf7+ Kh8 29. Qe6 Rxf7 30. Rh2 Nxf3+ 31. Kg2 Nxh2 32. Qxf7 Qxf7 33. Bxf7 Ng4 0-1